Guess the Lyrics - 70s #3 - Statistics

General Stats
  • This quiz has been taken 46 times
  • The average score is 141 of 215
Answer Stats
Answer % Correct
a
100%
A
100%
I
100%
And
89%
and
89%
the
89%
to
89%
be
86%
he
86%
go
83%
it
81%
me
81%
man
78%
win
78%
all
75%
All
75%
do
75%
have
75%
is
75%
In
72%
in
72%
too
72%
If
69%
if
69%
So
69%
that
69%
will
69%
had
67%
him
67%
my
67%
My
67%
can't
64%
day
64%
for
64%
Money,
64%
money,
64%
money
64%
never
64%
night,
64%
things
64%
work
64%
could
61%
It's
61%
like
61%
or
61%
got
58%
world
58%
wouldn't
58%
at
56%
man's
56%
must
56%
same
56%
there
56%
bad
53%
get
53%
rich
53%
but
50%
funny
50%
hard
50%
mind
50%
off
50%
Las
47%
life
47%
That's
47%
bills
44%
Money, Money, Money
44%
pay
44%
ABBA
42%
always
42%
bet
42%
Vegas
42%
Ain't
39%
find
39%
I'd
39%
leave,
36%
little
36%
seems
36%
ball
33%
dreams
33%
game
33%
still
33%
free
31%
left
31%
wealthy
31%
sunny
28%
around
25%
Monaco
25%
sad?
25%
fancy
22%
fool
22%
fortune
22%
plan
22%
happens
17%
penny
17%
single
17%
Ah-ha
3%
No matching quizzes found
Score Distribution
Percent of People with Each Score
Percentile by Number Answered
Your Score History
You have not taken this quiz